MARC

LEADER 00000nas a2200000 a 4500
001 ssj0000557833
003 WaSeSS
005 20200512172242.0
006 m d
007 cr n
008 060507c20119999enkqr p sg 0 0eng c
010 |a  2013263142 
015 |a GBB411540  |2 bnb 
016 7 |a 2645003 3  |2 DE-600 
016 7 |a 015549076  |2 Uk 
022 |a 2044-4001  |l 2044-3994  |y 2044-3994 
035 |a (WaSeSS)ssj0000557833 
037 |b Oxford University Press, Great Clarendon St, Oxford, OX2 6DP United Kingdom 
040 |a S8B  |b eng  |c S8B  |d OCLCQ  |d UV0  |d CUD  |d TXA  |d GPM  |d OCLCF  |d DOS  |d BEDGE  |d OCLCQ  |d UKOUP  |d NLE  |d AU@  |d UKMGB  |d WaSeSS 
042 |a pcc 
050 1 4 |a K3264.C65  |b A1657 
245 0 0 |a International data privacy law  |h [electronic resource]. 
260 |a Oxford :  |b Oxford University Press,  |c [2011]- 
310 |a Quarterly 
362 1 |a Began with: Vol. 1, no. 1 (Feb. 2011). 
506 |a License restrictions may limit access. 
588 |a Description based on: Vol. 1, no. 1 (Feb. 2011); title from PDF title page (Oxford journals, viewed Aug. 7, 2013). 
588 |a Latest issue consulted: Vol. 4, no. 1 (February 2014) (Oxford journals, viewed February 4, 2014). 
650 0 |a Privacy, Right of  |v Periodicals. 
650 0 |a Data protection  |x Law and legislation  |v Periodicals. 
650 7 |a Protection de la vie privée.  |2 eclas 
650 7 |a Droit international.  |2 eclas 
650 7 |a Périodiques électroniques.  |2 eclas 
650 7 |a Data protection  |x Law and legislation.  |2 fast  |0 (OCoLC)fst00887963 
650 7 |a Privacy, Right of.  |2 fast  |0 (OCoLC)fst01077444 
655 0 |a Electronic journals. 
776 0 8 |i Print version:  |t International data privacy law  |x 2044-3994  |w (DLC) 2011207537  |w (OCoLC)701468384 
856 4 0 |z Full text available from Research Library: 02/01/2011 to 1 year ago  |u https://search.proquest.com/publication/2032114